Consilia principum
Guardat en:
| Autor principal: | |
|---|---|
| Format: | Llibre |
| Idioma: | italià |
| Publicat: |
Nápoles
Jovene
1983
|
| Col·lecció: | Pubblicazioni della Facolta Giuridica dell'Universita di Napoli, 147
|
| Matèries: | |
| Etiquetes: |
Afegir etiqueta
Sense etiquetes, Sigues el primer a etiquetar aquest registre!
|
MARC
| LEADER | 00000nam a2200000 a 4500 | ||
|---|---|---|---|
| 001 | UCV2378 | ||
| 003 | CL-VaPUC | ||
| 008 | 920617e19830000IT |||||||||||||||||ita|d | ||
| 082 | 0 | 4 | |a 340.54 |b AMA |2 21 |
| 100 | 0 | |a Amarelli, Francesco |e author |9 296619 | |
| 245 | 1 | 0 | |a Consilia principum |
| 300 | |a 207 p | ||
| 942 | |c BK | ||
| 945 | |d 19920617 00:00:00 | ||
| 260 | |a Nápoles |b Jovene |c 1983 | ||
| 650 | 0 | |a Derecho romano |9 255930 | |
| 583 | |a last modification |c 19920617 00:00:00 |k Rodrigo Vera | ||
| 490 | 0 | |a Pubblicazioni della Facolta Giuridica dell'Universita di Napoli, 147 | |
| 999 | |c 209967 |d 209965 | ||
| 952 | |0 0 |1 0 |4 0 |6 340_540000000000000_AMA_1983 |7 0 |8 DER_ROM |9 185872 |a BIBDER |b BIBDER |d 2019-11-14 |i 2533529 |l 1 |o 340.54 AMA 1983 |p 2533529 |r 2023-01-25 |s 2020-03-16 |w 2019-11-14 |x Ubicación 4to piso |y BK |z Este recurso debe solicitarse con anticipación |k DER | ||